[Event "SVK ECo-C Extraliga 2018-19"]
[Site "Slovakia"]
[Date "2018.11.11"]
[Round "2"]
[White "Vojtek, Vladimir"]
[Black "Schwarz, Dusan"]
[Result "1/2-1/2"]
[WhiteElo "2316"]
[BlackElo "2313"]
[Annotator "NA"]
[PlyCount "86"]
[EventDate "2018.11.10"]
[EventType "team-tourn"]
[EventCountry "SVK"]
[SourceTitle "playchess.com"]
[Source "ChessBase"]
[SourceQuality "1"]
[WhiteTeam "Dubnica"]
[BlackTeam "Modra"]
[TimeControl "40/5400+30:1800+30"]

1. d4 {[%emt 0:00:00]} d5 {[%emt 0:00:00]} 2. Nf3 {[%emt 0:00:00]} Nf6 {[%emt 0:00:00]} 3. e3 {[%emt 0:01:01]} c5 {[%emt 0:00:14]} 4. c4 {[%emt 0:01:47]} e6 {[%emt 0:01:53]} 5. Nc3 {[%emt 0:00:34]} Nc6 {[%emt 0:00:22]} 6. a3 {[%emt 0:00:37]} a6 {[%emt 0:02:03]} 7. dxc5 {[%emt 0:01:09]} Bxc5 {[%emt 0:01:33]} 8. b4 {[%emt 0:00:29]} Bd6 {[%emt 0:01:24]} 9. Bb2 {[%emt 0:01:38]} O-O {[%emt 0:00:49]} 10. cxd5 {[%emt 0:11:08]} exd5 {[%emt 0:00:25]} 11. Be2 {[%emt 0:00:17]} Re8 {[%emt 0:02:43]} 12. O-O {[%emt 0:01:09]} Bc7 $14 {[%emt 0:13:22]} 13. b5 {[%emt 0:13:29]} Ne5 {[%emt 0:03:19]} 14. Nxe5 {[%emt 0:01:44]} Bxe5 {[%emt 0:00:42]} 15. Na4 {[%emt 0:05:59]} Bxb2 {[%emt 0:19:25]} 16. Nxb2 {[%emt 0:00:04]} Bd7 {[%emt 0:00:37]} 17. bxa6 {[%emt 0:17:45]} bxa6 {[%emt 0:00:12]} 18. Bf3 {[%emt 0:00:37]} Qb6 {[%emt 0:10:51]} 19. Nd3 {[%emt 0:08:35]} Rad8 {[%emt 0:00:39]} 20. Rb1 {[%emt 0:10:18]} Qd6 {[%emt 0:01:18]} 21. Nb4 {[%emt 0:03:01]} Bb5 {[%emt 0:08:25]} 22. Re1 {[%emt 0:04:19]} d4 {[%emt 0:06:35]} 23. a4 {[%emt 0:03:53]} Bd7 {[%emt 0:05:37]} 24. Qxd4 {[%emt 0:03:53]} Qxd4 {[%emt 0:04:17]} 25. exd4 {[%emt 0:00:02]} Rxe1+ {[%emt 0:01:44]} 26. Rxe1 {[%emt 0:00:02]} Bxa4 {[%emt 0:00:29]} 27. d5 {[%emt 0:01:08]} Bb3 {[%emt 0:04:03]} 28. g4 {[%emt 0:03:52]} h6 {[%emt 0:04:17]} 29. h4 {[%emt 0:01:49]} g6 {[%emt 0:01:17]} 30. Rb1 {[%emt 0:00:25]} Bc4 {[%emt 0:01:03]} 31. Rc1 {[%emt 0:01:17]} Bb5 {[%emt 0:00:53]} 32. Rc7 {[%emt 0:02:11]} Rd7 {[%emt 0:00:35]} 33. Rc8+ {[%emt 0:00:27]} Kg7 {[%emt 0:00:12]} 34. Ra8 {[%emt 0:00:09]} Bc4 {[%emt 0:01:01]} 35. Kg2 {[%emt 0:00:52]} Rd6 {[%emt 0:02:21]} 36. Ra7 {[%emt 0:01:05]} g5 {[%emt 0:00:55]} 37. hxg5 {[%emt 0:00:41]} hxg5 {[%emt 0:00:05]} 38. Kg3 {[%emt 0:00:20]} Rd7 {[%emt 0:01:29]} 39. Ra8 {[%emt 0:00:41]} Rd6 {[%emt 0:01:03]} 40. Ra7 {[%emt 0:00:21]} Rd7 {[%emt 0:01:07]} 41. Ra8 {[%emt 0:30:56]} Rb7 {[%emt 0:05:35]} 42. Nc2 {[%emt 0:00:00]} Bxd5 {[%emt 0:03:32]} 43. Rxa6 {[%emt 0:00:00]} Bxf3 {[%emt 0:03:59]} 1/2-1/2

[Event "SVK ECo-C Extraliga 2018-19"]
[Site "Slovakia"]
[Date "2018.11.11"]
[Round "2"]
[White "Jancovic, Peter"]
[Black "Janko, Zoltan"]
[Result "0-1"]
[WhiteElo "2299"]
[BlackElo "2247"]
[Annotator "NA"]
[PlyCount "106"]
[EventDate "2018.11.10"]
[EventType "team-tourn"]
[EventCountry "SVK"]
[SourceTitle "playchess.com"]
[Source "ChessBase"]
[SourceQuality "1"]
[WhiteTeam "Slovan"]
[BlackTeam "Komarno"]
[TimeControl "40/5400+30:1800+30"]

1. d4 {[%emt 0:00:00]} Nf6 {[%emt 0:01:42]} 2. Nf3 {[%emt 0:00:03]} g6 {[%emt 0:00:07]} 3. Bf4 {[%emt 0:00:18]} Bg7 {[%emt 0:00:40]} 4. h3 {[%emt 0:00:14]} b6 {[%emt 0:02:12]} 5. e3 {[%emt 0:00:34]} Bb7 {[%emt 0:00:32]} 6. Bd3 {[%emt 0:01:07]} c5 {[%emt 0:02:07]} 7. O-O {[%emt 0:00:32]} O-O {[%emt 0:00:16]} 8. Nbd2 {[%emt 0:02:39]} d6 {[%emt 0:02:10]} 9. c3 {[%emt 0:00:53]} Nbd7 {[%emt 0:00:30]} 10. Bh2 {[%emt 0:03:33]} e5 {[%emt 0:03:12]} 11. dxe5 {[%emt 0:02:09]} Nxe5 {[%emt 0:04:30]} 12. Be2 {[%emt 0:16:01]} Nxf3+ {[%emt 0:04:11]} 13. Bxf3 {[%emt 0:00:47]} d5 {[%emt 0:00:41]} 14. Nc4 {[%emt 0:08:12]} Ba6 {[%emt 0:01:28]} 15. Nd6 {[%emt 0:05:21]} Bxf1 {[%emt 0:00:28]} 16. Kxf1 {[%emt 0:00:14]} Qe7 {[%emt 0:03:14]} 17. Bxd5 {[%emt 0:01:44]} Rad8 {[%emt 0:01:11]} 18. Bc6 {[%emt 0:02:09]} Qc7 {[%emt 0:04:02]} 19. Bd5 {[%emt 0:02:27]} Qe7 {[%emt 0:08:51]} 20. Bc6 {[%emt 0:06:10]} Ne8 {[%emt 0:15:11]} 21. Bxe8 {[%emt 0:00:12]} Rfxe8 {[%emt 0:00:05]} 22. Qa4 {[%emt 0:25:22]} Rf8 {[%emt 0:00:21]} 23. Qf4 {[%emt 0:00:29]} Rd7 {[%emt 0:01:57]} 24. a4 {[%emt 0:00:52]} Rfd8 {[%emt 0:01:38]} 25. Nc4 {[%emt 0:00:10]} Qe6 {[%emt 0:02:31]} 26. Ke1 {[%emt 0:06:03]} g5 {[%emt 0:03:05]} 27. Qg4 {[%emt 0:00:32]} f5 {[%emt 0:00:38]} 28. Qe2 {[%emt 0:00:06]} Rd3 {[%emt 0:02:05]} 29. Na3 {[%emt 0:02:03]} Be5 {[%emt 0:02:34]} 30. Bxe5 {[%emt 0:01:21]} Qxe5 {[%emt 0:00:05]} 31. Qh5 {[%emt 0:00:28]} f4 {[%emt 0:02:33]} 32. Nc2 {[%emt 0:05:05]} fxe3 {[%emt 0:01:46]} 33. Nxe3 {[%emt 0:00:10]} Rxe3+ {[%emt 0:00:07]} 34. fxe3 {[%emt 0:00:12]} Qxe3+ {[%emt 0:00:05]} 35. Qe2 {[%emt 0:00:17]} Qg3+ {[%emt 0:00:07]} 36. Kf1 {[%emt 0:01:23]} Qf4+ {[%emt 0:02:40]} 37. Kg1 {[%emt 0:00:51]} Rd2 {[%emt 0:02:27]} 38. Qe8+ {[%emt 0:00:42]} Qf8 {[%emt 0:01:10]} 39. Qe3 {[%emt 0:00:57]} Qf4 {[%emt 0:02:20]} 40. Qe8+ {[%emt 0:04:08]} Qf8 {[%emt 0:00:17]} 41. Re1 {[%emt 0:32:22]} Qxe8 {[%emt 0:30:56]} 42. Rxe8+ {[%emt 0:00:07]} Kf7 {[%emt 0:00:05]} 43. Ra8 {[%emt 0:00:09]} a5 {[%emt 0:00:18]} 44. b4 {[%emt 0:01:24]} axb4 {[%emt 0:01:01]} 45. cxb4 {[%emt 0:00:04]} cxb4 {[%emt 0:00:42]} 46. Rb8 {[%emt 0:01:14]} Rd6 {[%emt 0:00:30]} 47. Kh2 {[%emt 0:00:00]} b3 {[%emt 0:00:00]} 48. a5 {[%emt 0:00:00]} b2 {[%emt 0:00:00]} 49. a6 {[%emt 0:00:00]} b1=Q {[%emt 0:00:00]} 50. a7 {[%emt 0:00:00]} Qe4 {[%emt 0:00:00]} 51. a8=Q {[%emt 0:00:00]} Qf4+ {[%emt 0:00:00]} 52. g3 {[%emt 0:00:00]} Rd2+ {[%emt 0:00:00]} 53. Kh1 {[%emt 0:00:00]} Qf1# 0-1

[Event "SVK ECo-C Extraliga 2018-19"]
[Site "Slovakia"]
[Date "2018.11.11"]
[Round "2"]
[White "Kukel, Imre"]
[Black "Castiglione, Mario"]
[Result "0-1"]
[WhiteElo "2295"]
[BlackElo "2239"]
[Annotator "NA"]
[PlyCount "76"]
[EventDate "2018.11.10"]
[EventType "team-tourn"]
[EventCountry "SVK"]
[SourceTitle "playchess.com"]
[Source "ChessBase"]
[SourceQuality "1"]
[WhiteTeam "Komarno"]
[BlackTeam "Slovan"]
[TimeControl "40/5400+30:1800+30"]

1. e4 {[%emt 0:00:13]} c5 {[%emt 0:12:32]} 2. Nf3 {[%emt 0:00:08]} d6 {[%emt 0:00:08]} 3. d4 {[%emt 0:00:10]} cxd4 {[%emt 0:00:06]} 4. Nxd4 {[%emt 0:00:03]} Nf6 {[%emt 0:00:11]} 5. Nc3 {[%emt 0:00:04]} a6 {[%emt 0:00:17]} 6. Be3 {[%emt 0:00:04]} Ng4 {[%emt 0:00:32]} 7. Bc1 {[%emt 0:00:34]} Nf6 {[%emt 0:00:22]} 8. f3 {[%emt 0:00:04]} e6 {[%emt 0:00:59]} 9. Be3 {[%emt 0:00:09]} Qb6 {[%emt 0:01:20]} 10. Qd3 {[%emt 0:07:26]} Qxb2 {[%emt 0:19:00]} 11. Nb3 {[%emt 0:14:06]} Qa3 {[%emt 0:00:15]} 12. Be2 {[%emt 0:04:06]} Nc6 {[%emt 0:03:42]} 13. O-O {[%emt 0:02:49]} Bd7 {[%emt 0:05:44]} 14. g4 {[%emt 0:19:03]} Nb4 {[%emt 0:01:33]} 15. Qd2 {[%emt 0:00:44]} Qb2 {[%emt 0:01:40]} 16. g5 {[%emt 0:04:49]} Ng8 {[%emt 0:14:25]} 17. Rfc1 {[%emt 0:09:45]} Rc8 {[%emt 0:01:39]} 18. Bd4 {[%emt 0:06:09]} e5 {[%emt 0:05:26]} 19. Nd1 {[%emt 0:03:37]} Qa3 {[%emt 0:00:06]} 20. Bb2 {[%emt 0:05:28]} Qa4 {[%emt 0:00:05]} 21. Ne3 {[%emt 0:01:23]} h6 {[%emt 0:03:38]} 22. a3 {[%emt 0:03:18]} Nc6 {[%emt 0:02:58]} 23. Nd5 {[%emt 0:01:36]} Nce7 {[%emt 0:01:52]} 24. Nb6 {[%emt 0:00:47]} Qc6 {[%emt 0:00:06]} 25. Nxc8 {[%emt 0:00:05]} Qxc8 {[%emt 0:00:05]} 26. Qxd6 {[%emt 0:01:47]} Ng6 {[%emt 0:00:05]} 27. Qd2 {[%emt 0:01:10]} Bc5+ {[%emt 0:01:24]} 28. Kh1 {[%emt 0:00:49]} hxg5 {[%emt 0:00:39]} 29. Qxg5 {[%emt 0:01:49]} Be7 {[%emt 0:00:04]} 30. Qd2 {[%emt 0:02:11]} Bc6 {[%emt 0:00:35]} 31. Bf1 {[%emt 0:00:51]} Rh5 {[%emt 0:00:41]} 32. Re1 {[%emt 0:01:52]} Bg5 {[%emt 0:00:06]} 33. Qd6 {[%emt 0:02:54]} Bf4 {[%emt 0:00:42]} 34. Re2 {[%emt 0:00:01]} Nf6 {[%emt 0:00:38]} 35. Rd1 {[%emt 0:03:02]} Ng4 36. fxg4 {[%emt 0:00:56]} Bxe4+ {[%emt 0:01:48]} 37. Rxe4 {[%emt 0:01:43]} Rxh2+ {[%emt 0:00:08]} 38. Kg1 {[%emt 0:00:00]} Qxg4+ {[%emt 0:00:07]} 0-1

[Event "SVK ECo-C Extraliga 2018-19"]
[Site "Slovakia"]
[Date "2018.11.11"]
[Round "2"]
[White "Jakab, Bela"]
[Black "Briestensky, Rastislav"]
[Result "1/2-1/2"]
[WhiteElo "2290"]
[BlackElo "2331"]
[Annotator "NA"]
[PlyCount "93"]
[EventDate "2018.11.10"]
[EventType "team-tourn"]
[EventCountry "SVK"]
[SourceTitle "playchess.com"]
[Source "ChessBase"]
[SourceQuality "1"]
[WhiteTeam "Komarno"]
[BlackTeam "Slovan"]
[TimeControl "40/5400+30:1800+30"]

1. e4 {[%emt 0:00:00]} c6 {[%emt 0:00:00]} 2. d4 {[%emt 0:00:00]} d5 {[%emt 0:00:29]} 3. Nc3 {[%emt 0:00:05]} dxe4 {[%emt 0:01:16]} 4. Nxe4 {[%emt 0:00:09]} Nf6 {[%emt 0:00:05]} 5. Nxf6+ {[%emt 0:00:09]} exf6 {[%emt 0:01:36]} 6. Nf3 {[%emt 0:08:27]} Be7 {[%emt 0:06:18]} 7. h3 {[%emt 0:03:40]} O-O {[%emt 0:00:53]} 8. Bd3 {[%emt 0:01:41]} Be6 {[%emt 0:02:41]} 9. O-O {[%emt 0:01:37]} Qd6 {[%emt 0:07:45]} 10. Re1 {[%emt 0:05:32]} Bd8 $16 {[%emt 0:02:35]} 11. c4 {[%emt 0:06:41]} Bc7 {[%emt 0:01:14]} 12. Qc2 {[%emt 0:05:45]} g6 {[%emt 0:14:41]} 13. Bh6 {[%emt 0:07:17]} Rc8 {[%emt 0:07:26]} 14. Rad1 {[%emt 0:01:54]} Nd7 {[%emt 0:01:34]} 15. c5 {[%emt 0:10:58]} Qd5 {[%emt 0:04:01]} 16. Rxe6 {[%emt 0:16:50]} fxe6 {[%emt 0:01:36]} 17. Bxg6 {[%emt 0:01:13]} f5 {[%emt 0:04:35]} 18. Bh5 {[%emt 0:00:45]} Nf6 {[%emt 0:08:40]} 19. Qc1 {[%emt 0:00:41]} Nxh5 {[%emt 0:01:12]} 20. Qg5+ {[%emt 0:00:11]} Kh8 {[%emt 0:00:06]} 21. Qxh5 {[%emt 0:00:18]} Rg8 {[%emt 0:00:45]} 22. Qf7 {[%emt 0:11:37]} Bd8 {[%emt 0:06:04]} 23. Re1 {[%emt 0:01:19]} Qxf3 {[%emt 0:10:39]} 24. Qxg8+ {[%emt 0:00:06]} Kxg8 {[%emt 0:00:04]} 25. gxf3 {[%emt 0:00:04]} Kf7 {[%emt 0:00:06]} 26. Be3 {[%emt 0:01:09]} Bf6 {[%emt 0:00:23]} 27. f4 {[%emt 0:00:40]} Rd8 {[%emt 0:00:25]} 28. Rd1 {[%emt 0:00:22]} Ke7 {[%emt 0:03:31]} 29. Kf1 {[%emt 0:01:20]} b6 {[%emt 0:04:31]} 30. Rc1 {[%emt 0:04:23]} Kd7 {[%emt 0:01:16]} 31. Ke2 {[%emt 0:00:12]} Rb8 {[%emt 0:02:29]} 32. b3 {[%emt 0:01:06]} Kc7 {[%emt 0:01:08]} 33. Kd3 {[%emt 0:02:47]} Rd8 {[%emt 0:01:16]} 34. b4 {[%emt 0:00:42]} b5 {[%emt 0:01:56]} 35. a4 {[%emt 0:01:24]} bxa4 {[%emt 0:01:13]} 36. Ra1 {[%emt 0:00:12]} Kb7 {[%emt 0:00:41]} 37. Rxa4 {[%emt 0:00:28]} Rg8 {[%emt 0:00:31]} 38. Ra1 {[%emt 0:01:06]} a6 {[%emt 0:00:39]} 39. Ke2 {[%emt 0:02:06]} Ra8 {[%emt 0:01:04]} 40. Rg1 {[%emt 0:01:03]} Kc7 {[%emt 0:00:55]} 41. Kd3 {[%emt 0:30:21]} Rd8 {[%emt 0:30:25]} 42. Kc4 {[%emt 0:00:13]} Kb7 {[%emt 0:00:08]} 43. Rg3 {[%emt 0:01:02]} Kc7 {[%emt 0:00:44]} 44. Rg1 {[%emt 0:01:55]} Kb7 {[%emt 0:01:23]} 45. Rg3 {[%emt 0:01:23]} Kc7 {[%emt 0:00:32]} 46. Rg1 {[%emt 0:00:07]} Kb7 {[%emt 0:00:06]} 47. Rg3 {[%emt 0:00:37]} 1/2-1/2

[Event "SVK ECo-C Extraliga 2018-19"]
[Site "Slovakia"]
[Date "2018.11.11"]
[Round "2"]
[White "Takacs, Laszlo"]
[Black "Maslikova, Veronika"]
[Result "1-0"]
[WhiteElo "2275"]
[BlackElo "2249"]
[Annotator "NA"]
[PlyCount "67"]
[EventDate "2018.11.10"]
[EventType "team-tourn"]
[EventCountry "SVK"]
[SourceTitle "playchess.com"]
[Source "ChessBase"]
[SourceQuality "1"]
[WhiteTeam "Streda"]
[BlackTeam "Podhajska"]
[TimeControl "40/5400+30:1800+30"]

1. e4 {[%emt 0:00:00]} c5 {[%emt 0:00:00]} 2. Nf3 {[%emt 0:00:00]} d6 {[%emt 0:00:00]} 3. d4 {[%emt 0:00:00]} cxd4 4. Qxd4 {[%emt 0:00:00]} Nc6 {[%emt 0:02:41]} 5. Bb5 {[%emt 0:00:00]} Bd7 {[%emt 0:06:21]} 6. Bxc6 {[%emt 0:00:09]} Bxc6 {[%emt 0:00:43]} 7. c4 {[%emt 0:00:57]} Nf6 {[%emt 0:16:21]} 8. Nc3 {[%emt 0:00:45]} g6 {[%emt 0:08:45]} 9. Be3 {[%emt 0:07:41]} Bg7 {[%emt 0:02:05]} 10. h3 {[%emt 0:00:27]} O-O {[%emt 0:04:34]} 11. Qd3 {[%emt 0:01:16]} a6 {[%emt 0:12:14]} 12. Nd4 {[%emt 0:04:02]} Rc8 {[%emt 0:06:41]} 13. O-O {[%emt 0:02:57]} Qc7 {[%emt 0:06:44]} 14. Rfc1 {[%emt 0:04:48]} Qb8 {[%emt 0:05:08]} 15. Rab1 {[%emt 0:05:42]} Nd7 {[%emt 0:03:17]} 16. b4 {[%emt 0:03:35]} b6 {[%emt 0:10:25]} 17. Nd5 {[%emt 0:10:06]} Rfe8 {[%emt 0:00:46]} 18. Bg5 {[%emt 0:10:49]} Bf8 {[%emt 0:00:20]} 19. Qe3 {[%emt 0:03:54]} Ba8 {[%emt 0:02:09]} 20. f3 {[%emt 0:20:26]} Bb7 {[%emt 0:04:08]} 21. Qf2 {[%emt 0:03:02]} Ba8 {[%emt 0:00:33]} 22. Qh4 {[%emt 0:02:32]} Bxd5 {[%emt 0:03:06]} 23. cxd5 {[%emt 0:00:20]} b5 {[%emt 0:01:13]} 24. Nc6 {[%emt 0:02:54]} Qb6+ {[%emt 0:00:06]} 25. Kh1 {[%emt 0:00:16]} f6 {[%emt 0:01:02]} 26. Qg4 {[%emt 0:08:04]} Rc7 {[%emt 0:00:28]} 27. Qe6+ {[%emt 0:01:01]} Kg7 {[%emt 0:00:09]} 28. Bf4 {[%emt 0:00:54]} Rec8 {[%emt 0:02:08]} 29. Nxe7 {[%emt 0:01:44]} Bxe7 {[%emt 0:01:21]} 30. Qxe7+ {[%emt 0:00:07]} Kg8 {[%emt 0:00:10]} 31. Rxc7 {[%emt 0:01:37]} Qxc7 {[%emt 0:01:00]} 32. Rc1 {[%emt 0:00:31]} Qb7 {[%emt 0:00:15]} 33. Rxc8+ {[%emt 0:00:15]} Qxc8 {[%emt 0:00:02]} 34. Bh6 {[%emt 0:00:12]} 1-0

[Event "SVK ECo-C Extraliga 2018-19"]
[Site "Slovakia"]
[Date "2018.11.11"]
[Round "2"]
[White "Kusiak, Matej"]
[Black "Kostelny, Jozef"]
[Result "0-1"]
[WhiteElo "2263"]
[BlackElo "2211"]
[Annotator "TA"]
[PlyCount "180"]
[EventDate "2018.11.10"]
[EventType "team-tourn"]
[EventCountry "SVK"]
[SourceTitle "playchess.com"]
[Source "ChessBase"]
[SourceQuality "1"]
[WhiteTeam "Prakovce"]
[BlackTeam "Zilina"]

{[%evp 13,180,42,33,0,32,26,41,18,10,25,18,0,0,0,34,-34,0,0,23,8,12,11,6,0,21,0,19,0,37,52,46,6,6,-14,-19,-22,-23,-31,23,0,5,0,128,126,126,127,120,127,120,120,125,106,115,38,38,38,38,0,0,0,38,45,45,45,45,45,45,45,57,0,0,-210,-241,-248,-254,-216,-222,-383,-323,-353,-347,-516,-481,-470,-424,-421,-414,-814,-525,-501,-329,-401,-401,-399,-398,-398,-398,-391,-387,-387,-372,-394,-351,-350,-350,-338,-339,-443,-332,-312,-313,-450,-443,-443,-443,-443,-435,-443,-443,-435,-435,-336,-311,-437,-429,-476,-435,-408,-245,-406,-406,-29958,-29960,-29962,-29965,-29964,-29966,-29965,-29967,-29967,-29967,-29968,-29970,-29967,-29969,-29970,-29970,-29973,-29971,-29964,-2313,-29969,-394,-29984,-12645,-29987,-29988,-29988,-29984,-29984,-29984,-29984,-29985,-29989,-29990,-29990,-29989,-29991,-29992]} 1. e4 g6 2. d4 Bg7 3. Nc3 d6 4. Be3 a6 5. g3 b5 6. Bg2 {B06: Moderne Verteidigung} Bb7 7. Nge2 (7. a3 Nd7 8. Nge2 Ngf6 9. h3 c5 10. O-O Qc7 11. d5 O-O 12. Qd2 Rfe8 13. Rad1 {0-1 (43) Padmini,R (2400)-Salgado Lopez,I (2641) Dubai 2017}) 7... Nd7 {LiveBook: 5 Partien} 8. Qd2 {Weiß steht etwas besser.} Nb6 9. b3 b4 10. Nd5 $146 ({Vorgänger:} 10. Nd1 c5 11. Rb1 Qc7 12. c3 Nf6 13. cxb4 Bxe4 14. Bxe4 Nxe4 {½-½ (77) Stievenard,H (1720)-Prioul,J (1905) Rennes 2011}) 10... Nxd5 11. exd5 Nf6 12. c4 bxc3 $1 13. Nxc3 Qd7 14. Qd3 (14. O-O $14) 14... h5 15. h4 Ng4 16. O-O Nxe3 17. Qxe3 O-O 18. Rfe1 Rae8 19. Kh2 c6 20. Rac1 e5 21. dxc6 Bxc6 22. d5 (22. Bxc6 {feels hotter.} Qxc6 23. d5 Qd7 24. Ne4 f5 25. Ng5) 22... Bb7 23. Na4 e4 24. Qb6 Bxd5 25. Rcd1 Bc6 {[#]} ({Besser ist} 25... Qe6 $15) 26. Nc5 $1 $36 {[%mdl 2560] Weiss hat gut koordiniertes Spiel.} Qf5 (26... dxc5 27. Rxd7) 27. Rxd6 Be5 (27... Ba8 $1 $11 28. Nd7 e3) 28. Rxc6 $16 ({Viel schwächer wäre} 28. Nxe4 Bxe4 29. Bxe4 Bxg3+ 30. fxg3 Rxe4 $11) 28... Qxf2 {[#]} 29. Rxg6+ $1 {[%mdl 512]} fxg6 30. Qxg6+ Kh8 31. Qxh5+ Kg8 32. Qg5+ Kh8 33. Rxe4 ({Lieber} 33. Rc1 $16) 33... Qxc5 $14 34. Qh6+ Kg8 35. Qg6+ {[%mdl 1024] Weiss hat Kompensation.} Kh8 36. Qh6+ Kg8 {Und weiter mit ...Tf7 wäre nett.} 37. Rg4+ Kf7 {Droht stark ...Th8.} 38. Qh7+ Ke6 {...Tf7 ist eine echte Drohung.} 39. Rg6+ $1 Bf6 $1 ({Aber nicht} 39... Rf6 $2 40. Bh3+ Kd5 41. Rxf6 $18) 40. Bh3+ $1 Kd5 {Und ...Te2+ würde nun gewinnen.} 41. Qb7+ ({Günstiger ist} 41. Qh5+ $14 Kd6 42. Rxf6+ $1 {[%mdl 512]} Rxf6 43. Qxe8) 41... Kd4 $11 42. Rg4+ $2 (42. Bg2 $1 $11 {und Weiss muss sich keine Sorgen machen.}) 42... Kd3 $1 $19 {Droht ...Te2+ und aus.} 43. Bf1+ Kd2 $1 44. Qg2+ {[#]} Ke1 $1 45. Rc4 $2 (45. Bxa6 Qf2 46. Qxf2+ Kxf2 47. Rc4) 45... Qe3 46. Qh1 {Beabsichtigt Lg2+ und Matt.} Bc3 47. Bh3+ (47. Bg2+ $142 Kd2 48. Kh3) 47... Kd2 {( -> ...Tf2+)} 48. Qd5+ Kc2 49. Bf5+ Kb2 50. Kh3 (50. Qg2+ $142 Qe2 51. g4) 50... Rd8 51. Qg2+ Qd2 52. Qf1 {Weiss will mit Db1+ Matt setzen.} Qe1 53. Qxe1 Bxe1 54. Rc2+ Ka3 55. g4 Rh8 56. h5 Bd2 57. Kh4 Rhg8 58. Rc6 Bg5+ ({Finger weg von} 58... Kxa2 59. Rxa6+ Kb2 60. h6) 59. Kg3 a5 60. h6 Kxa2 61. h7 Rge8 62. Rc3 (62. Be6 $142) 62... Re3+ 63. Rxe3 Bxe3 64. Be6 Bg5 65. b4+ Kb2 66. bxa5 Rd3+ 67. Kg2 {[#]} Bf6 $1 68. a6 (68. Bf5 $142 Ra3 69. a6) 68... Ra3 69. g5 Be5 70. Bc8 Rg3+ 71. Kf2 $2 (71. Kf1) 71... Rxg5 72. a7 (72. Bb7 $19 Rh5 73. Ke2) 72... Bd4+ 73. Kf3 Ra5 74. Ke4 Kc3 75. Be6 Rxa7 76. Bg8 Ra5 77. Bd5 Bh8 78. Bf7 Re5+ 79. Kf4 Kd4 80. Bg8 Re7 81. Kf5 Kc5 (81... Ke3 $142 82. Kg4 Re5 83. Kg3 Bf6 84. Bf7 Rg5+ 85. Kh3 Kf2 86. Kh4 Rg7+ 87. Kh5 Rxf7 88. Kg6 Rf8 89. Kf5 Bb2+ 90. Ke6 Ke3 91. Kd5 Rh8 92. Kc5 Rxh7 93. Kd6 Ke4 94. Ke6 Ba3 95. Kf6 Rh6+ 96. Kg7 Rc6 97. Kh8 Kf5 98. Kh7 Rc7+ 99. Kg8 Kg6 100. Kh8 Rc8#) 82. Kg6 Kd6 $2 (82... Re5 {setzt Matt} 83. Bf7 Kd4 84. Kh6 Re1 85. Bg8 Rg1 86. Kh5 Bf6 87. Ba2 Ke4 88. Bc4 Rg5+ 89. Kh6 Kf4 90. h8=Q Bxh8 91. Kh7 Bb2 92. Be6 Ke5 93. Bd7 Kf6 94. Be8 Bc1 95. Bc6 Rg7+ 96. Kh8 Bb2 97. Bh1 Kf7 98. Bf3 Rg8+ 99. Kh7 Rh8#) 83. Bc4 $2 (83. Kf5 $19) 83... Rg7+ (83... Ke5 $142 84. Ba2 Rg7+ 85. Kh5 Kf4 86. Bg8 Rg5+ 87. Kh4 Rg3 88. Kh5 Rg5+ 89. Kh4 Rg3 90. Kh5 Rg5+) 84. Kh6 Ke5 {Schwarz setzt Matt.} 85. Bd3 Kf6 86. Kh5 Rg3 87. Bc2 Ke5 88. Bb1 Kf4 89. Ba2 Bf6 90. Be6 Rg5+ {Precision: Weiß = 35%, Schwarz = 65%.} 0-1